00282cam a22000977a 4500008004000000082001700040100001800057245004200075260005700117300001000174180718b1996 xxu||||| |||| 00| 0 eng d aABx54 K133lH aKanodia, K.D. aLook busy do nothingcby K.D. Kanodia aNew DelhibIndian ooks & Periodicals Syndicatec1996 a299p.